[Event "CAN-ch U18"]
[Site "Quebec"]
[Date "2018.07.05"]
[Round "7.2"]
[White "Bremner, William"]
[Black "Simoneau, Michael"]
[Result "1-0"]
[WhiteElo "1889"]
[BlackElo "1527"]
[PlyCount "111"]
[EventDate "2018.07.02"]
[EventType "swiss"]
[EventRounds "7"]
[EventCountry "CAN"]
[SourceTitle "EXT 2022"]
[Source "ChessBase"]
[SourceDate "2021.10.06"]
[SourceVersion "1"]
[SourceVersionDate "2021.10.06"]
[SourceQuality "1"]

1. d4 e6 2. c4 Nf6 3. g3 d5 4. Nf3 b6 5. cxd5 exd5 6. Bg2 Nbd7 7. 0-0 Bd6 8. Nc3 c6 9. Qc2 0-0 10. Nh4 Bb7 11. Nf5 Bc7 12. Rd1 Re8 13. e3 Nf8 14. b3 Ne6 15. Ba3 g6 16. Nh4 Bd6 17. Bb2 Ng5 18. Nf3 Nge4 19. Nxe4 Nxe4 20. Rac1 Rc8 21. a3 Qe7 22. b4 Ba6 23. Ne5 f5 24. Qa4 Bxe5 25. dxe5 Bb5 26. Qb3 Qe6 27. f3 Ng5 28. Rd2 Bc4 29. Qc3 c5 30. bxc5 Rxc5 31. Qd4 Rec8 32. Rdc2 Nf7 33. e4 dxe4 34. fxe4 Rd8 35. exf5 gxf5 36. Qf4 b5 37. a4 a6 38. Bd4 Rc7 39. axb5 axb5 40. Bh3 Nh6 41. Qg5+ Rg7 42. Qxd8+ Kf7 43. Qd6 Rg8 44. Bf1 Rc8 45. Qxe6+ Kxe6 46. Bxc4+ Rxc4 47. Rxc4 bxc4 48. Rxc4 Kd5 49. Ra4 Nf7 50. h4 Nd8 51. Ba1 Nf7 52. Ra7 Ke6 53. Kf2 h6 54. Kf3 h5 55. Rxf7 Kxf7 56. Kf4 1-0

[Event "CAN-ch U18"]
[Site "Quebec"]
[Date "2018.07.04"]
[Round "6.5"]
[White "Simoneau, Michael"]
[Black "Everitt, David"]
[Result "1-0"]
[WhiteElo "1527"]
[BlackElo "1101"]
[PlyCount "39"]
[EventDate "2018.07.02"]
[EventType "swiss"]
[EventRounds "7"]
[EventCountry "CAN"]
[SourceTitle "EXT 2022"]
[Source "ChessBase"]
[SourceDate "2021.10.06"]
[SourceVersion "1"]
[SourceVersionDate "2021.10.06"]
[SourceQuality "1"]

1. e4 e6 2. d4 d5 3. e5 c5 4. c3 Nc6 5. Nf3 cxd4 6. cxd4 f6 7. Bb5 Qa5+ 8. Nc3 Bb4 9. Bd2 Bxc3 10. Bxc6+ bxc6 11. Bxc3 Qb6 12. 0-0 a5 13. Nh4 g6 14. f4 Ba6 15. Rf3 0-0-0 16. Qd2 Qb5 17. Bxa5 Rf8 18. Rb3 Qe2 19. Qb4 Qb5 20. Qxf8+ 1-0

[Event "CAN-ch U18"]
[Site "Quebec"]
[Date "2018.07.03"]
[Round "4.4"]
[White "Miller, Reuben"]
[Black "Simoneau, Michael"]
[Result "1-0"]
[WhiteElo "1596"]
[BlackElo "1527"]
[PlyCount "37"]
[EventDate "2018.07.02"]
[EventType "swiss"]
[EventRounds "7"]
[EventCountry "CAN"]
[SourceTitle "EXT 2022"]
[Source "ChessBase"]
[SourceDate "2021.10.06"]
[SourceVersion "1"]
[SourceVersionDate "2021.10.06"]
[SourceQuality "1"]

1. d4 Nf6 2. c4 e6 3. Nc3 Bb4 4. Qc2 c5 5. dxc5 Na6 6. a3 Bxc3+ 7. Qxc3 Nxc5 8. b4 Nce4 9. Qb2 d5 10. c5 h6 11. Nf3 Qc7 12. g3 g5 13. Bg2 b6 14. cxb6 axb6 15. Nxg5 hxg5 16. Bxe4 e5 17. Bg2 Ba6 18. Bxg5 Ke7 19. f4 1-0